000 00617nam a2200217 i 4500
001 bg
100 1 _aDrewniak, Teresa.
245 1 0 _aAnaliza techniczna w przemyśle mięsnym /
_cTeresa Drewniak.
250 _aWyd. 2.
260 _aWarszawa :
_bWydawnictwa Szkolne i Pedagogiczne,
_c1980.
300 _a206 s. :
_bil. ;
_c20 cm
650 9 _aMięso
_xtechnologia
_xbadanie
655 _aPodręczniki dla szkół zawodowych
020 _a8302006874
040 _cBPK
041 _apol
080 _a637.5(075.3-021.66)
920 _a83-02-00687-4
942 _cKS
008 090901s1980 pl a |000 0 pol
999 _c50798
_d50798
856 _uhttp://koha.tu.koszalin.pl/cgi-bin/koha/opac-detail.pl?biblionumber=50798
_yKatalog online BPK